[Event "MITROPA Cup 2014 WOMEN Section"]
[Site "Ruzomberok SLOVAKIA"]
[Date "2014.05.25"]
[Round "3"]
[Board "1"]
[White "Dudas, Eszter"]
[Black "Wozniak, Mariola"]
[Result "0-1"]
[WhiteElo "2227"]
[BlackElo "2092"]
[PlyCount "0"]
[EventDate "2014.05.23"]
[EventType "team"]
[EventRounds "9"]
[EventCountry "SVK"]
[WhiteTeam "Hungary"]
[BlackTeam "Poland"]

1. e4 {[%clk 1:30:57]} c5 {[%clk 1:30:57]} 2. c3 {[%clk 1:31:20]} Nf6
{[%clk 1:31:18]} 3. e5 {[%clk 1:31:45]} Nd5 {[%clk 1:31:45]} 4. d4
{[%clk 1:32:08]} cxd4 {[%clk 1:32:07]} 5. Nf3 {[%clk 1:32:26]} e6
{[%clk 1:31:25]} 6. cxd4 {[%clk 1:32:37]} d6 {[%clk 1:25:37]} 7. Bc4
{[%clk 1:32:45]} Nc6 {[%clk 1:23:57]} 8. O-O {[%clk 1:33:00]} Be7
{[%clk 1:22:04]} 9. Bd2 {[%clk 1:32:54]} O-O {[%clk 1:20:10]} 10. Nc3
{[%clk 1:33:02]} Nxc3 {[%clk 1:10:55]} 11. Bxc3 {[%clk 1:33:16]} dxe5
{[%clk 1:09:34]} 12. dxe5 {[%clk 1:33:21]} b6 {[%clk 1:06:08]} 13. Qe2
{[%clk 1:27:21]} Bb7 {[%clk 1:05:23]} 14. Rfd1 {[%clk 1:24:13]} Qc7
{[%clk 1:05:17]} 15. Rac1 {[%clk 1:23:36]} Rfd8 {[%clk 1:00:32]} 16. Bd3
{[%clk 1:20:00]} Rac8 {[%clk 0:52:31]} 17. Bd2 {[%clk 1:01:15]} Qb8
{[%clk 0:47:40]} 18. Ng5 {[%clk 0:42:30]} Qxe5 {[%clk 0:29:25]} 19. Qh5
{[%clk 0:32:05]} Bxg5 {[%clk 0:28:02]} 20. Bxh7+ {[%clk 0:30:29]} Kf8
{[%clk 0:27:43]} 21. Qxg5 {[%clk 0:19:54]} Qxg5 {[%clk 0:21:04]} 22. Bxg5
{[%clk 0:20:19]} Rxd1+ {[%clk 0:14:36]} 23. Rxd1 {[%clk 0:20:45]} g6
{[%clk 0:14:46]} 24. Bf6 {[%clk 0:17:45]} Nb4 {[%clk 0:13:27]} 25. h4
{[%clk 0:16:54]} Nd5 {[%clk 0:13:27]} 26. Bd4 {[%clk 0:17:13]} Nf4
{[%clk 0:11:12]} 27. Be5 {[%clk 0:13:28]} Nxg2 {[%clk 0:11:13]} 28. h5
{[%clk 0:13:24]} Nh4 {[%clk 0:10:38]} 29. Bf6 {[%clk 0:11:00]} Nf3+
{[%clk 0:10:57]} 30. Kf1 {[%clk 0:11:16]} Nh2+ {[%clk 0:09:54]} 31. Ke1
{[%clk 0:08:51]} Bf3 {[%clk 0:07:30]} 32. hxg6 {[%clk 0:08:24]} fxg6
{[%clk 0:07:55]} 33. Rd4 {[%clk 0:05:12]} Bg4 {[%clk 0:05:49]} 34. Rf4
{[%clk 0:03:48]} Bf5 {[%clk 0:03:53]} 35. Bc3 {[%clk 0:03:40]} g5
{[%clk 0:02:58]} 36. Rxf5+ {[%clk 0:02:58]} exf5 {[%clk 0:03:23]} 37. Bxf5
{[%clk 0:03:21]} Re8+ {[%clk 0:03:34]} 38. Kd1 {[%clk 0:03:44]} Kf7
{[%clk 0:02:48]} 39. a3 {[%clk 0:03:06]} Nf3 {[%clk 0:02:12]} 40. Bg4
{[%clk 0:02:44]} Rd8+ {[%clk 0:02:38]} 41. Ke2 {[%clk 0:02:17]} Nd4+
{[%clk 0:02:01]} 42. Ke3 {[%clk 0:02:09]} Ne6 {[%clk 0:29:53]} 43. Bh5+
{[%clk 0:28:10]} Ke7 {[%clk 0:30:04]} 44. Ke4 {[%clk 0:23:52]} Nc5+
{[%clk 0:28:19]} 45. Ke3 {[%clk 0:18:57]} Ke6 {[%clk 0:23:12]} 46. f3
{[%clk 0:12:36]} Nd7 {[%clk 0:17:29]} 47. Bg4+ {[%clk 0:11:31]} Kd5
{[%clk 0:17:54]} 48. f4 {[%clk 0:08:08]} gxf4+ {[%clk 0:13:52]} 49. Kxf4
{[%clk 0:08:35]} Kc4 {[%clk 0:13:19]} 50. Be6+ {[%clk 0:06:32]} Kb5
{[%clk 0:13:12]} 51. Bg4 {[%clk 0:06:02]} Nc5 {[%clk 0:11:10]} 52. Bf5
{[%clk 0:04:58]} Kc4 {[%clk 0:10:47]} 53. Ke3 {[%clk 0:04:29]} Kb3
{[%clk 0:09:10]} 54. Bg6 {[%clk 0:04:35]} Na4 {[%clk 0:08:45]} 55. Bf7+
{[%clk 0:04:18]} Kc2 {[%clk 0:09:10]} 56. Bf6 {[%clk 0:04:07]} Rd3+
{[%clk 0:07:54]} 57. Ke2 {[%clk 0:03:18]} Rd2+ {[%clk 0:08:12]} 58. Ke3
{[%clk 0:02:23]} Nxb2 {[%clk 0:07:50]} 59. Bg6+ {[%clk 0:02:04]} Kd1
{[%clk 0:06:49]} 60. Bc3 {[%clk 0:01:18]} Nc4+ {[%clk 0:06:33]} 61. Ke4
{[%clk 0:01:23]} Rg2 {[%clk 0:05:34]} 62. Bh5+ {[%clk 0:01:32]} Kc2
{[%clk 0:05:58]} 63. Bb4 {[%clk 0:01:55]} Rg3 {[%clk 0:03:52]} 64. Kd4
{[%clk 0:01:39]} Nxa3 {[%clk 0:04:00]} 65. Be2 {[%clk 0:01:29]} Rh3
{[%clk 0:03:33]} 66. Be7 {[%clk 0:02:10]} Nb1 {[%clk 0:02:53]} 67. Ba6
{[%clk 0:01:08]} Nd2 {[%clk 0:02:57]} 68. Bd6 {[%clk 0:01:20]} Rc3
{[%clk 0:02:26]} 69. Bb8 {[%clk 0:01:20]} Nb3+ {[%clk 0:02:15]} 70. Kd5
{[%clk 0:01:33]} Nc5 {[%clk 0:01:58]} 71. Bc8 {[%clk 0:01:44]} a5
{[%clk 0:02:01]} 72. Bf5+ {[%clk 0:02:07]} Kb3 {[%clk 0:01:50]} 73. Bc7
{[%clk 0:01:24]} Na4 {[%clk 0:01:11]} 74. Bd8 {[%clk 0:01:23]} Rc5+
{[%clk 0:01:11]} 75. Ke6 {[%clk 0:01:39]} Nb2 {[%clk 0:01:00]} 76. Be4
{[%clk 0:01:47]} Nc4 {[%clk 0:01:19]} 77. Bf3 {[%clk 0:01:27]} a4
{[%clk 0:00

[Event "MITROPA Cup 2014 WOMEN Section"]
[Site "Ruzomberok SLOVAKIA"]
[Date "2014.05.25"]
[Round "3"]
[Board "2"]
[White "Kiolbasa, Oliwia"]
[Black "Varga, Melinda"]
[Result "0-1"]
[WhiteElo "2015"]
[BlackElo "2163"]
[PlyCount "0"]
[EventDate "2014.05.23"]
[EventType "team"]
[EventRounds "9"]
[EventCountry "SVK"]
[WhiteTeam "Poland"]
[BlackTeam "Hungary"]

1. e4 {[%clk 1:30:56]} c6 {[%clk 1:30:55]} 2. d4 {[%clk 1:31:13]} d5
{[%clk 1:31:21]} 3. e5 {[%clk 1:31:34]} Bf5 {[%clk 1:31:43]} 4. Nc3
{[%clk 1:31:53]} e6 {[%clk 1:31:30]} 5. g4 {[%clk 1:31:56]} Bg6 {[%clk 1:31:24]}
6. Nge2 {[%clk 1:31:49]} h6 {[%clk 1:23:17]} 7. Be3 {[%clk 1:24:20]} Nd7
{[%clk 1:21:01]} 8. Ng3 {[%clk 1:07:46]} Qb6 {[%clk 1:14:07]} 9. Qd2
{[%clk 1:03:56]} Qxb2 {[%clk 0:56:35]} 10. Rb1 {[%clk 0:53:23]} Qa3
{[%clk 0:51:03]} 11. f4 {[%clk 0:43:59]} O-O-O {[%clk 0:47:13]} 12. Rb3
{[%clk 0:36:26]} Qa5 {[%clk 0:45:16]} 13. Qc1 {[%clk 0:22:44]} f6
{[%clk 0:36:58]} 14. Bd2 {[%clk 0:21:56]} Qc7 {[%clk 0:33:38]} 15. Be2
{[%clk 0:16:41]} Nb6 {[%clk 0:31:04]} 16. O-O {[%clk 0:16:35]} Nc4
{[%clk 0:30:52]} 17. Bxc4 {[%clk 0:11:07]} dxc4 {[%clk 0:31:16]} 18. Rb1
{[%clk 0:11:18]} h5 {[%clk 0:24:13]} 19. gxh5 {[%clk 0:06:10]} Bxh5
{[%clk 0:23:41]} 20. Nce4 {[%clk 0:06:27]} f5 {[%clk 0:19:02]} 21. Ng5
{[%clk 0:05:40]} Qd7 {[%clk 0:19:21]} 22. Qb2 {[%clk 0:04:32]} Re8
{[%clk 0:16:07]} 23. Be3 {[%clk 0:02:36]} Nh6 {[%clk 0:13:25]} 24. h3
{[%clk 0:01:03]} Nf7 {[%clk 0:13:15]} 25. Nxh5 {[%clk 0:00:46]} Rxh5
{[%clk 0:12:11]} 26. Nxf7 {[%clk 0:00:48]} Qxf7 {[%clk 0:12:37]} 27. Rf3
{[%clk 0:00:49]} Qd7 {[%clk 0:11:52]} 28. Kf2 {[%clk 0:00:43]} Be7
{[%clk 0:12:01]} 29. Ke2 {[%clk 0:00:46]} g5 {[%clk 0:12:03]} 30. fxg5
{[%clk 0:00:39]} Bxg5 {[%clk 0:12:17]} 31. Rg1 {[%clk 0:00:52]} Bxe3
{[%clk 0:11:41]} 32. Rxe3 {[%clk 0:00:51]} f4 {[%clk 0:11:13]} 33. Rf3
{[%clk 0:01:01]} Qh7 {[%clk 0:11:03]} 34. Rxf4 {[%clk 0:00:46]} Rxh3
{[%clk 0:11:27]} 35. Rfg4 {[%clk 0:00:56]} Rh2+ {[%clk 0:11:13]} 36. Kd1
{[%clk 0:01:09]} Rf8 {[%clk 0:10:11]} 37. Qc3 {[%clk 0:00:42]} Qh6
{[%clk 0:08:56]} 38. Qe1 {[%clk 0:00:48]} Qh3 {[%clk 0:04:32]} 39. R4g3
{[%clk 0:00:41]} Qf5 {[%clk 0:04:00]} 40. Rc3 {[%clk 0:17:43]} Rd8
{[%clk 0:22:53]} 41. Qe3 {[%clk 0:10:01]} Rf2 {[%clk 0:18:31]} 42. Kc1
{[%clk 0:08:37]} Rf1+ {[%clk 0:17:54]} 43. Rxf1 {[%clk 0:06:02]} Qxf1+
{[%clk 0:18:20]} 44. Kb2 {[%clk 0:06:27]} Rd5 {[%clk 0:18:08]} 45. a4
{[%clk 0:06:38]} b5 {[%clk 0:17:49]} 46. Qh6 {[%clk 0:04:26]} Qf7
{[%clk 0:15:51]} 47. Rg3 {[%clk 0:02:34]} Rd7 {[%clk 0:12:48]} 48. Qh8+
{[%clk 0:01:51]} Rd8 {[%clk 0:13:08]} 49. Rg7 {[%clk 0:01:09]} c3+
{[%clk 0:10:52]} 50. Ka3 {[%clk 0:00:42]} Qf1 {[%clk 0:10:25]} 51. Qh7
{[%clk 0:01:01]} Qa1+ {[%clk 0:10:08]} 52. Kb4 {[%clk 0:01:06]} Qxa4+
{[%clk 0:08:45]} 53. Kxc3 {[%clk 0:01:32]} Qa1+ {[%clk 0:07:06]} 54. Kd2
{[%clk 0:00:41]} Qxd4+ {[%clk 0:06:57]} 55. Ke2 {[%clk 0:01:00]} Qxe5+
{[%clk 0:07:08]} 56. Kf3 {[%clk 0:01:16]} Rf8+ {[%clk 0:07:10]} 0-1

[Event "MITROPA Cup 2014 WOMEN Section"]
[Site "Ruzomberok SLOVAKIA"]
[Date "2014.05.25"]
[Round "3"]
[Board "2"]
[White "Sedina, Elena"]
[Black "Novkovic, Julia"]
[Result "1-0"]
[WhiteElo "2297"]
[BlackElo "2126"]
[PlyCount "0"]
[EventDate "2014.05.23"]
[EventType "team"]
[EventRounds "9"]
[EventCountry "SVK"]
[WhiteTeam "Italy"]
[BlackTeam "Austria"]

1. e4 {[%clk 1:30:53]} e5 {[%clk 1:30:54]} 2. Nf3 {[%clk 1:31:00]} Nc6
{[%clk 1:31:19]} 3. Bc4 {[%clk 1:30:30]} Nf6 {[%clk 1:31:43]} 4. d3
{[%clk 1:30:27]} Be7 {[%clk 1:32:01]} 5. O-O {[%clk 1:30:32]} O-O
{[%clk 1:32:23]} 6. Re1 {[%clk 1:30:40]} d6 {[%clk 1:32:48]} 7. a4
{[%clk 1:30:39]} Kh8 {[%clk 1:33:08]} 8. h3 {[%clk 1:25:22]} Ng8 {[%clk 1:32:41]}
9. Nc3 {[%clk 1:24:19]} f5 {[%clk 1:27:26]} 10. Nd5 {[%clk 1:23:33]} Bf6
{[%clk 1:24:47]} 11. a5 {[%clk 1:17:55]} a6 {[%clk 1:25:07]} 12. c3
{[%clk 1:15:01]} Nce7 {[%clk 1:13:16]} 13. Nxf6 {[%clk 1:09:03]} gxf6
{[%clk 1:11:38]} 14. Qb3 {[%clk 0:46:50]} Qd7 {[%clk 0:56:32]} 15. Qa2
{[%clk 0:39:37]} Ng6 {[%clk 0:47:15]} 16. b4 {[%clk 0:33:38]} Qe7
{[%clk 0:40:44]} 17. exf5 {[%clk 0:18:09]} Bxf5 {[%clk 0:39:27]} 18. Nd4
{[%clk 0:18:21]} Nh4 {[%clk 0:24:56]} 19. Nxf5 {[%clk 0:12:47]} Nxf5
{[%clk 0:25:18]} 20. d4 {[%clk 0:11:46]} Qg7 {[%clk 0:22:22]} 21. Qc2
{[%clk 0:11:12]} Nge7 {[%clk 0:21:42]} 22. Qe4 {[%clk 0:05:11]} c6
{[%clk 0:19:22]} 23. Be6 {[%clk 0:00:48]} d5 {[%clk 0:16:21]} 24. Qg4
{[%clk 0:01:18]} Qxg4 {[%clk 0:16:32]} 25. hxg4 {[%clk 0:01:47]} Ng7
{[%clk 0:16:48]} 26. Bh6 {[%clk 0:00:54]} Nxe6 {[%clk 0:16:12]} 27. dxe5
{[%clk 0:01:01]} Rf7 {[%clk 0:12:26]} 28. f4 {[%clk 0:00:41]} Ng8
{[%clk 0:11:06]} 29. f5 {[%clk 0:00:57]} Nxh6 {[%clk 0:10:11]} 30. fxe6
{[%clk 0:01:20]} fxe5 {[%clk 0:06:55]} 31. exf7 {[%clk 0:01:38]} Nxf7
{[%clk 0:07:22]} 32. Rf1 {[%clk 0:01:39]} Kg7 {[%clk 0:07:14]} 33. Rf5
{[%clk 0:01:37]} Re8 {[%clk 0:07:14]} 34. Raf1 {[%clk 0:01:46]} Re7
{[%clk 0:07:24]} 35. Kf2 {[%clk 0:01:25]} e4 {[%clk 0:05:42]} 36. Ke2
{[%clk 0:01:20]} Ne5 {[%clk 0:05:19]} 37. Rg5+ {[%clk 0:01:09]} Ng6
{[%clk 0:05:36]} 38. g3 {[%clk 0:00:52]} Re6 {[%clk 0:04:24]} 39. Rh1
{[%clk 0:01:02]} Re7 {[%clk 0:04:30]} 40. Rgh5 {[%clk 0:01:18]} Kg8
{[%clk 0:04:29]} 41. Rg5 {[%clk 0:01:11]} Kg7 {[%clk 0:03:52]} 42. Rgh5
{[%clk 0:00:33]} Kg8 {[%clk 0:03:33]} 43. Rf1 {[%clk 0:26:55]} Kg7
{[%clk 0:30:59]} 44. Rff5 {[%clk 0:24:23]} Re6 {[%clk 0:28:45]} 45. Ke3
{[%clk 0:19:42]} Re7 {[%clk 0:29:08]} 46. Rf1 {[%clk 0:17:45]} Kg8
{[%clk 0:26:59]} 47. Rg5 {[%clk 0:06:39]} Kg7 {[%clk 0:26:28]} 48. Re1
{[%clk 0:05:49]} h6 {[%clk 0:08:56]} 49. Rh5 {[%clk 0:05:55]} Ne5
{[%clk 0:09:20]} 50. g5 {[%clk 0:06:08]} Kg6 {[%clk 0:09:45]} 51. Rxh6+
{[%clk 0:06:04]} Kxg5 {[%clk 0:10:10]} 52. Rh8 {[%clk 0:04:56]} Rf7
{[%clk 0:09:01]} 53. Rg8+ Kf6 {[%clk 0:07:10]} 54. Rf1+ {[%clk 0:04:30]} Nf3
{[%clk 0:07:35]} 55. Rh1 {[%clk 0:03:44]} Ke7 {[%clk 0:06:55]} 56. Rb8
{[%clk 0:02:14]} Ne5 {[%clk 0:06:51]} 57. Rxb7+ {[%clk 0:02:23]} Nd7
{[%clk 0:07:16]} 58. Rh8 {[%clk 0:02:36]} Rf3+ {[%clk 0:07:27]} 59. Ke2
{[%clk 0:02:57]} Ke6 {[%clk 0:03:35]} 60. Re8+ {[%clk 0:02:47]} Kd6
{[%clk 0:04:04]} 61. Rd8 {[%clk 0:03:06]} Rf7 {[%clk 0:04:26]} 62. g4
{[%clk 0:01:51]} Ke6 {[%clk 0:04:32]} 63. g5 {[%clk 0:01:08]} Rh7
{[%clk 0:04:12]} 64. Re8+ {[%clk 0:00:59]} Kf5 {[%clk 0:04:09]} 65. Rd8
{[%clk 0:00:36]} Rh2+ {[%clk 0:04:27]} 66. Kf1 {[%clk 0:00:55]} Ne5
{[%clk 0:04:40]} 67. Rf8+ {[%clk 0:00:57]} Kxg5 {[%clk 0:02:54]} 68. Rg7+
{[%clk 0:01:01]} Ng6 {[%clk 0:03:22]} 69. Rfg8 {[%clk 0:00:44]} Rh6
{[%clk 0:03:46]} 70. Rc8 {[%clk 0:01:07]} Kf5 {[%clk 0:02:43]} 71. Rxc6
{[%clk 0:01:22]} Rh1+ {[%clk 0:02:13]} 72. Kg2 {[%clk 0:01:48]} Ne5
{[%clk 0:02:38]} 73. Kxh1 {[%clk 0:00:41]} Nxc6 {[%clk 0:03:07]} 74. b5
{[%clk 0:00:48]} axb5 {[%clk 0:03:16]} 75. a6 {[%clk 0:01:17]} e3
{[%clk 0:02:52]} 76. Kg2 {[%clk 0:01:38]} Ke4 {[%clk 0:03:11]} 77. Rc7
{[%clk 0:01:07]} b4 {[%clk 0:01:03]} 78. cxb4 {[%clk 0:00:53]} Nxb4

[Event "MITROPA Cup 2014 WOMEN Section"]
[Site "Ruzomberok SLOVAKIA"]
[Date "2014.05.25"]
[Round "3"]
[Board "1"]
[White "Marikova, Jana"]
[Black "Srebrnic, Ana"]
[Result "1/2-1/2"]
[WhiteElo "2094"]
[BlackElo "2243"]
[PlyCount "0"]
[EventDate "2014.05.23"]
[EventType "team"]
[EventRounds "9"]
[EventCountry "SVK"]
[WhiteTeam "Czech republic B"]
[BlackTeam "Slovenia"]

1. d4 {[%clk 1:30:58]} d6 {[%clk 1:30:26]} 2. Nf3 {[%clk 1:31:19]} g6
{[%clk 1:30:22]} 3. c4 {[%clk 1:31:21]} Bg7 {[%clk 1:30:47]} 4. Nc3
{[%clk 1:31:10]} Nf6 {[%clk 1:30:54]} 5. e4 {[%clk 1:31:33]} O-O {[%clk 1:31:19]}
6. Be2 {[%clk 1:31:57]} c6 {[%clk 1:31:31]} 7. O-O {[%clk 1:32:14]} Nbd7
{[%clk 1:29:00]} 8. Re1 {[%clk 1:30:15]} e5 {[%clk 1:29:03]} 9. Bf1
{[%clk 1:28:43]} Qe7 {[%clk 1:28:40]} 10. h3 {[%clk 1:23:17]} Nh5
{[%clk 1:22:50]} 11. Bg5 {[%clk 1:18:56]} Bf6 {[%clk 1:18:20]} 12. Be3
{[%clk 1:14:42]} Re8 {[%clk 1:11:34]} 13. Qd2 {[%clk 1:10:00]} Bg7
{[%clk 1:09:47]} 14. Rad1 {[%clk 1:05:04]} Nf8 {[%clk 1:07:30]} 15. b4
{[%clk 0:59:09]} f5 {[%clk 0:55:06]} 16. exf5 {[%clk 0:54:53]} gxf5
{[%clk 0:53:45]} 17. dxe5 {[%clk 0:47:11]} dxe5 {[%clk 0:53:40]} 18. Bc5
{[%clk 0:41:30]} Qf6 {[%clk 0:50:27]} 19. Qc2 {[%clk 0:25:24]} b6
{[%clk 0:44:52]} 20. Be3 {[%clk 0:22:38]} Be6 {[%clk 0:44:00]} 21. c5
{[%clk 0:20:39]} bxc5 {[%clk 0:26:26]} 22. Bxc5 {[%clk 0:20:33]} Nd7
{[%clk 0:25:46]} 23. Na4 {[%clk 0:18:20]} Bd5 {[%clk 0:20:12]} 24. Bc4
{[%clk 0:17:55]} Nf4 {[%clk 0:18:47]} 25. Qb3 {[%clk 0:15:38]} Kh8
{[%clk 0:16:11]} 26. Kh2 {[%clk 0:13:54]} Nxc5 {[%clk 0:08:33]} 27. Nxc5
{[%clk 0:14:19]} e4 {[%clk 0:06:54]} 28. Nd4 {[%clk 0:11:25]} Rad8
{[%clk 0:05:51]} 29. Nc2 {[%clk 0:10:21]} Qh4 {[%clk 0:03:25]} 30. Bxd5
{[%clk 0:07:19]} Qxf2 {[%clk 0:02:52]} 31. Bxe4 {[%clk 0:05:06]} Rxd1
{[%clk 0:03:16]} 32. Rxd1 {[%clk 0:05:27]} fxe4 {[%clk 0:03:31]} 33. Ne3
{[%clk 0:01:15]} Be5 {[%clk 0:02:24]} 34. Kh1 {[%clk 0:01:05]} Nxh3
{[%clk 0:01:36]} 35. Ng4 {[%clk 0:01:03]} Qe2 {[%clk 0:00:39]} 36. gxh3
{[%clk 0:01:09]} Rf8 {[%clk 0:00:36]} 37. Nxe5 {[%clk 0:00:49]} Rf1+
{[%clk 0:00:44]} 38. Rxf1 {[%clk 0:01:14]} Qxf1+ {[%clk 0:01:10]} 39. Kh2
{[%clk 0:01:40]} Qf2+ {[%clk 0:01:34]} 40. Kh1 {[%clk 0:02:04]} 1/2-1/2

[Event "MITROPA Cup 2014 WOMEN Section"]
[Site "Ruzomberok SLOVAKIA"]
[Date "2014.05.25"]
[Round "3"]
[Board "2"]
[White "Kolaric, Spela"]
[Black "Miturova, Magdalena"]
[Result "0-1"]
[WhiteElo "2048"]
[BlackElo "2060"]
[PlyCount "0"]
[EventDate "2014.05.23"]
[EventType "team"]
[EventRounds "9"]
[EventCountry "SVK"]
[WhiteTeam "Slovenia"]
[BlackTeam "Czech republic B"]

1. e4 {[%clk 1:30:45]} e5 {[%clk 1:30:46]} 2. Nf3 {[%clk 1:31:01]} Nc6
{[%clk 1:31:09]} 3. Bc4 {[%clk 1:31:10]} Nf6 {[%clk 1:31:32]} 4. d3
{[%clk 1:31:26]} Be7 {[%clk 1:31:49]} 5. O-O {[%clk 1:31:31]} O-O
{[%clk 1:31:54]} 6. Re1 {[%clk 1:31:23]} d6 {[%clk 1:32:07]} 7. a4
{[%clk 1:31:23]} h6 {[%clk 1:30:31]} 8. a5 {[%clk 1:31:30]} a6 {[%clk 1:30:53]}
9. c3 {[%clk 1:31:02]} Nh7 {[%clk 1:29:21]} 10. Be3 {[%clk 1:30:50]} Ng5
{[%clk 1:26:08]} 11. Nbd2 {[%clk 1:30:21]} Bf6 {[%clk 1:17:24]} 12. Qb3
{[%clk 1:20:12]} Ne7 {[%clk 1:14:08]} 13. d4 {[%clk 1:14:34]} Ng6
{[%clk 1:11:53]} 14. Rad1 {[%clk 1:10:27]} Qe7 {[%clk 1:01:38]} 15. Qb4
{[%clk 1:04:32]} Ne6 {[%clk 0:56:14]} 16. dxe5 {[%clk 0:59:56]} dxe5
{[%clk 0:55:33]} 17. Qxe7 {[%clk 0:58:59]} Bxe7 {[%clk 0:55:16]} 18. g3
{[%clk 0:56:40]} Bd7 {[%clk 0:49:24]} 19. Nb3 {[%clk 0:52:42]} Rad8
{[%clk 0:48:27]} 20. Rd2 {[%clk 0:49:08]} Bc8 {[%clk 0:40:57]} 21. Red1
{[%clk 0:45:56]} Rxd2 {[%clk 0:34:29]} 22. Rxd2 {[%clk 0:46:12]} Rd8
{[%clk 0:34:22]} 23. Rxd8+ {[%clk 0:44:14]} Bxd8 {[%clk 0:34:21]} 24. h4
{[%clk 0:39:09]} f6 {[%clk 0:26:26]} 25. Nfd2 {[%clk 0:37:19]} Kf8
{[%clk 0:25:32]} 26. h5 {[%clk 0:35:35]} Nh8 {[%clk 0:23:24]} 27. f4
{[%clk 0:34:19]} Nf7 {[%clk 0:22:43]} 28. Nf3 {[%clk 0:32:15]} Be7
{[%clk 0:14:33]} 29. Nh4 {[%clk 0:26:55]} Bd6 {[%clk 0:14:15]} 30. Kf2
{[%clk 0:21:59]} exf4 {[%clk 0:10:16]} 31. gxf4 {[%clk 0:20:42]} Ke8
{[%clk 0:09:44]} 32. Kf3 {[%clk 0:19:28]} Nf8 {[%clk 0:09:22]} 33. Nd4
{[%clk 0:17:51]} Nd7 {[%clk 0:07:41]} 34. Ne6 {[%clk 0:16:50]} Nde5+
{[%clk 0:06:58]} 35. fxe5 {[%clk 0:15:40]} Nxe5+ {[%clk 0:07:19]} 36. Kf2
{[%clk 0:13:01]} Nxc4 {[%clk 0:07:19]} 37. Nxg7+ {[%clk 0:13:20]} Kf7
{[%clk 0:06:50]} 38. Bxh6 {[%clk 0:10:10]} Nxb2 {[%clk 0:04:58]} 39. Ngf5
{[%clk 0:09:47]} Be5 {[%clk 0:04:23]} 40. Ng6 {[%clk 0:00:35]} Bxc3
{[%clk 0:01:28]} 41. Bf8 {[%clk 0:27:37]} Bxf5 {[%clk 0:25:09]} 42. exf5
{[%clk 0:28:00]} Nd3+ {[%clk 0:22:52]} 43. Ke3 {[%clk 0:26:31]} Ne5
{[%clk 0:20:53]} 44. Bc5 {[%clk 0:24:24]} Nd7 {[%clk 0:19:20]} 45. Ba3
{[%clk 0:20:39]} Bxa5 {[%clk 0:18:42]} 46. Ke4 {[%clk 0:20:40]} c6
{[%clk 0:14:52]} 47. Bd6 {[%clk 0:18:15]} Bd2 {[%clk 0:12:53]} 48. Ne7
{[%clk 0:16:26]} Kg7 {[%clk 0:12:15]} 49. Kd3 {[%clk 0:14:04]} Bc1
{[%clk 0:11:43]} 50. Kc2 {[%clk 0:11:59]} Bg5 {[%clk 0:11:53]} 51. Nc8 Kh6
{[%clk 0:11:23]} 52. Be7 {[%clk 0:12:23]} Kxh5 {[%clk 0:08:50]} 53. Nd6
{[%clk 0:12:43]} b5 {[%clk 0:09:04]} 54. Ne8 {[%clk 0:12:02]} Kg4
{[%clk 0:09:04]} 55. Nc7 {[%clk 0:11:49]} a5 {[%clk 0:08:15]} 56. Ne6
{[%clk 0:12:12]} Ne5 {[%clk 0:03:07]} 57. Nd4 {[%clk 0:11:39]} Be3
{[%clk 0:03:19]} 58. Nxc6 {[%clk 0:11:02]} Nxc6 {[%clk 0:03:39]} 59. Bxf6
{[%clk 0:11:27]} Kxf5 {[%clk 0:03:58]} 60. Bg7 {[%clk 0:11:40]} Ke4
{[%clk 0:04:06]} 61. Bf6 {[%clk 0:10:57]} Bd4 {[%clk 0:04:11]} 62. Bg5
{[%clk 0:11:17]} a4 {[%clk 0:03:52]} 0-1

[Event "MITROPA Cup 2014 WOMEN Section"]
[Site "Ruzomberok SLOVAKIA"]
[Date "2014.05.25"]
[Round "3"]
[Board "1"]
[White "Kochetkova, Julia"]
[Black "Fuchs, Judith"]
[Result "1-0"]
[WhiteElo "2322"]
[BlackElo "2304"]
[PlyCount "0"]
[EventDate "2014.05.23"]
[EventType "team"]
[EventRounds "9"]
[EventCountry "SVK"]
[WhiteTeam "Slovakia A"]
[BlackTeam "Germany"]

1. e4 {[%clk 1:30:56]} c5 {[%clk 1:30:48]} 2. Nf3 {[%clk 1:31:11]} d6
{[%clk 1:31:12]} 3. d4 {[%clk 1:31:37]} cxd4 {[%clk 1:31:36]} 4. Nxd4
{[%clk 1:31:58]} Nf6 {[%clk 1:31:55]} 5. Nc3 {[%clk 1:32:22]} Nc6
{[%clk 1:31:32]} 6. Bg5 {[%clk 1:32:38]} Qb6 {[%clk 1:31:50]} 7. Nb3
{[%clk 1:29:24]} e6 {[%clk 1:32:07]} 8. Qd2 {[%clk 1:28:42]} Be7 {[%clk 1:32:02]}
9. O-O-O {[%clk 1:26:40]} O-O {[%clk 1:30:24]} 10. f3 {[%clk 1:25:42]} Rd8
{[%clk 1:30:01]} 11. Nb5 {[%clk 1:10:56]} Rd7 {[%clk 1:19:09]} 12. Be3
{[%clk 1:09:35]} Qd8 {[%clk 1:18:33]} 13. N5d4 {[%clk 1:09:43]} a5
{[%clk 0:50:32]} 14. a4 {[%clk 1:01:12]} d5 {[%clk 0:42:10]} 15. Nxc6
{[%clk 0:58:11]} bxc6 {[%clk 0:42:38]} 16. e5 {[%clk 0:55:44]} Ne8
{[%clk 0:42:56]} 17. Nc5 {[%clk 0:51:43]} Bxc5 {[%clk 0:40:01]} 18. Bxc5
{[%clk 0:52:05]} Ba6 {[%clk 0:40:13]} 19. Bxa6 {[%clk 0:50:54]} Rxa6
{[%clk 0:40:29]} 20. h4 {[%clk 0:50:06]} Ra8 {[%clk 0:37:27]} 21. h5
{[%clk 0:44:11]} Nc7 {[%clk 0:33:27]} 22. Qf4 {[%clk 0:40:03]} Na6
{[%clk 0:30:38]} 23. Bd6 {[%clk 0:40:06]} Rb7 {[%clk 0:24:07]} 24. Rh3
{[%clk 0:38:20]} c5 {[%clk 0:23:04]} 25. Rg3 {[%clk 0:37:22]} Kh8
{[%clk 0:15:44]} 26. Rh1 {[%clk 0:36:59]} h6 {[%clk 0:12:00]} 27. Rh4
{[%clk 0:32:09]} Rb4 {[%clk 0:05:29]} 28. Qxf7 {[%clk 0:32:01]} Qg8
{[%clk 0:05:57]} 29. Rf4 {[%clk 0:29:35]} Rxf4 {[%clk 0:04:41]} 30. Qxf4
{[%clk 0:29:52]} Ra7 {[%clk 0:02:48]} 31. Rg6 {[%clk 0:29:54]} Rf7
{[%clk 0:02:00]} 32. Qg4 {[%clk 0:29:37]} Rf5 {[%clk 0:01:57]} 33. Be7
{[%clk 0:29:31]} Rxe5 {[%clk 0:00:43]} 34. Bf6 {[%clk 0:29:49]} Rg5
{[%clk 0:01:06]} 35. Rxh6+ {[%clk 0:30:12]} 1-0